| 000 | 00813nam a2200229 a 4500 | ||
|---|---|---|---|
| 001 | 015676641 | ||
| 003 | Uk | ||
| 005 | 20130317110742.0 | ||
| 008 | 110401s2010 enka 001|0 eng|d | ||
| 020 | _a0857322079 (pbk.) | ||
| 020 | _a9780857322074 (pbk.) | ||
| 082 | 0 | 4 |
_a651.7 _222 _bROB |
| 100 | 1 |
_aRobinson, Zoe, _d1974- _932831 |
|
| 245 | 1 | 2 |
_aA student's Guide to Writing Business Reports : _bThe Ability to Prepare an Effective Report is a Vital Skill for Anyone Building a Career in Business / _cby Zoe Robinson and Stuart Pedley-Smith. |
| 260 |
_aWokingham : _bKaplan, _c2010. |
||
| 300 |
_axviii, 250, I.6 p. : _bcol. ill. ; _c25 cm. |
||
| 500 | _aIncludes index. | ||
| 650 | 0 |
_aBusiness report writing. _932832 |
|
| 653 |
_bBus _cMarch2013 |
||
| 700 | 1 |
_aPedley-Smith, Stuart. _932833 |
|
| 942 |
_2ddc _cBB |
||
| 999 |
_c17356 _d17328 |
||